000 00574nam a2200169Ia 4500
003 GCL
005 20240530110257.0
008 140319s9999 xx 000 0 ara d
040 _aGCL /
_cGCL
082 0 4 _aم
_b415.103
_bا م
100 _4انطوان الدحداح
245 1 0 _aمعجم لغة النحو العربى عربى - انجليزى /
_cانطوان الدحداح
260 _a[بيروت] :
_bمكتبة لبنان ،
_c1993
300 _a716 ص ،
_b24 سم
490 _aموسوعة الدحداح فى علم العربية
_v0
942 _2ddc
_cBK
999 _c59577
_d59577